[Event "Veliko Gradiste Silver Lake op-A"]
[Site "Veliko Gradiste"]
[Date "2021.06.23"]
[Round "1"]
[White "Vajdic, Nikola"]
[Black "Poupalos, Nikolaos"]
[Result "1-0"]
[WhiteElo "2258"]
[BlackElo "1887"]
[PlyCount "59"]
[EventDate "2021.06.23"]
[EventType "swiss"]
[EventRounds "9"]
[EventCountry "SRB"]
[SourceTitle "CBM 203 Extra"]
[Source "ChessBase"]
[SourceDate "2021.09.30"]
[SourceVersion "1"]
[SourceVersionDate "2021.09.30"]
[SourceQuality "1"]

1. d4 Nf6 2. c4 e6 3. Nf3 Bb4+ 4. Bd2 Qe7 5. g3 Nc6 6. Bg2 Bxd2+ 7. Nbxd2 d6 8. 0-0 0-0 9. e4 e5 10. d5 Nb8 11. Ne1 a5 12. Nd3 c6 13. b3 cxd5 14. cxd5 b5 15. a3 Nfd7 16. b4 a4 17. Re1 Nb6 18. Rc1 Ba6 19. Bf1 f5 20. f4 N8d7 21. fxe5 Nxe5 22. Nxe5 Qxe5 23. Nf3 Qb2 24. Qd4 Qxd4+ 25. Nxd4 fxe4 26. Ne6 Rf3 27. Nc7 Ra7 28. Nxa6 Rxa6 29. Rc6 Rxa3 30. Bxb5 1-0

[Event "Vojvodina-chT2"]
[Site "Vrbas"]
[Date "2011.10.01"]
[Round "10"]
[White "Vajdic, Nikola"]
[Black "Elez, Nikola"]
[Result "1/2-1/2"]
[WhiteElo "2295"]
[BlackElo "2155"]
[PlyCount "96"]
[EventDate "2011.09.25"]
[EventType "team-tourn"]
[EventRounds "11"]
[EventCountry "SRB"]
[SourceTitle "CBM 144 Extra"]
[Source "ChessBase"]
[SourceDate "2011.10.28"]
[SourceVersion "1"]
[SourceVersionDate "2011.10.28"]
[SourceQuality "1"]

1. Nf3 d6 2. d4 Bg4 3. g3 Bxf3 4. exf3 c6 5. f4 e6 6. Bg2 g6 7. 0-0 Bg7 8. c3 Ne7 9. Na3 d5 10. Nc2 0-0 11. Ne3 Qb6 12. Ng4 Nf5 13. Ne5 Rd8 14. Bh3 c5 15. Bxf5 exf5 16. dxc5 Qxc5 17. Be3 Qd6 18. Qb3 Nc6 19. Nf3 Na5 20. Qc2 Rac8 21. Rfd1 a6 22. Bd4 Bxd4 23. Nxd4 b5 24. a3 Nc4 25. Rd3 Rd7 26. Rad1 Nb6 27. h4 h5 28. Re1 Re7 29. Rde3 Re4 30. f3 Rxe3 31. Rxe3 Nc4 32. Re2 Kf8 33. Kf2 Re8 34. Rxe8+ Kxe8 35. Qc1 Kd7 36. Nc2 Qc5+ 37. Ke2 Nb6 38. Qe3 Qxe3+ 39. Nxe3 Nc4 40. b3 Nxe3 41. Kxe3 Kc6 42. Kd2 Kc5 43. Ke3 Kc6 44. Kd4 Kd6 45. Kd3 Kc6 46. Ke3 Kd7 47. Kd2 Kd6 48. Kd3 Kd7 1/2-1/2

[Event "Vojvodina-chT 2nd League"]
[Site "Sombor"]
[Date "2010.10.13"]
[Round "5"]
[White "Pletl, Akos"]
[Black "Vajdic, Nikola"]
[Result "0-1"]
[WhiteElo "2223"]
[BlackElo "2301"]
[PlyCount "74"]
[EventDate "2010.10.10"]
[EventType "team-tourn"]
[EventRounds "9"]
[EventCountry "YUG"]
[SourceTitle "CBM 138 Extra"]
[Source "ChessBase"]
[SourceDate "2010.10.29"]
[SourceVersion "1"]
[SourceVersionDate "2010.10.29"]
[SourceQuality "1"]

1. d4 Nf6 2. c4 g6 3. Nc3 Bg7 4. e4 d6 5. Bg5 0-0 6. Qd2 c5 7. d5 e6 8. Bd3 exd5 9. Nxd5 Be6 10. Ne2 Bxd5 11. exd5 Nbd7 12. 0-0 Ne5 13. Nc3 h6 14. Bf4 Nxd3 15. Qxd3 a6 16. Rab1 Ng4 17. b4 Qf6 18. Ne2 cxb4 19. Rxb4 Rfe8 20. Bg3 Re7 21. Rb6 Ne5 22. Qb3 Rc8 23. Rxb7 Nxc4 24. Rb8 Rxb8 25. Qxb8+ Kh7 26. Nf4 Re4 27. Nh3 Rd4 28. Qb7 a5 29. Qc6 Qf5 30. Bxd6 Nxd6 31. Qxd6 Qxd5 32. Qe7 Qxa2 33. Qb7 Qd5 34. Qa7 a4 35. g3 Qb3 36. Nf4 a3 37. Ne2 Rd1 0-1

[Event "Vojvodina-chT 2nd League"]
[Site "Sombor"]
[Date "2010.10.11"]
[Round "2"]
[White "Sekulic, Dusan"]
[Black "Vajdic, Nikola"]
[Result "1-0"]
[WhiteElo "2301"]
[BlackElo "2301"]
[PlyCount "93"]
[EventDate "2010.10.10"]
[EventType "team-tourn"]
[EventRounds "9"]
[EventCountry "YUG"]
[SourceTitle "CBM 138 Extra"]
[Source "ChessBase"]
[SourceDate "2010.10.29"]
[SourceVersion "1"]
[SourceVersionDate "2010.10.29"]
[SourceQuality "1"]

1. d4 Nf6 2. Nf3 g6 3. g3 Bg7 4. Bg2 0-0 5. 0-0 d6 6. c4 Nc6 7. Nc3 Rb8 8. b3 e5 9. Bb2 e4 10. Ne1 Bf5 11. Nc2 Qd7 12. Re1 g5 13. Qd2 h6 14. Ne3 Bg6 15. h3 Rbe8 16. d5 Ne7 17. Nb5 a6 18. Nd4 c5 19. dxc6 bxc6 20. Red1 Rd8 21. Rab1 c5 22. Ndc2 Nh5 23. Bxg7 Kxg7 24. Qc3+ Kh7 25. b4 Qe6 26. b5 axb5 27. Rxb5 Ra8 28. a3 Ra7 29. Rb6 Nc8 30. Rb8 f5 31. Nd5 Raf7 32. Nb6 Ne7 33. Rxf8 Rxf8 34. Qd2 Rb8 35. Nd5 Nxd5 36. cxd5 Qe5 37. Ne3 f4 38. Nc4 Qf6 39. g4 e3 40. Qa5 exf2+ 41. Kxf2 Ng7 42. Qc7 Rb3 43. Bf3 Bc2 44. Rd2 Qc3 45. Rxc2 Qxc2 46. Nxd6 Qb2 47. Be4+ 1-0

[Event "Pula op 22nd"]
[Site "Pula"]
[Date "2008.06.25"]
[Round "6"]
[White "Vajdic, Nikola"]
[Black "Nikolov, Sasho"]
[Result "0-1"]
[WhiteElo "2268"]
[BlackElo "2407"]
[PlyCount "110"]
[EventDate "2008.06.21"]
[EventType "swiss"]
[EventRounds "9"]
[EventCountry "CRO"]
[SourceTitle "CBM 125 Extra"]
[Source "ChessBase"]
[SourceDate "2008.09.01"]
[SourceVersion "1"]
[SourceVersionDate "2008.09.01"]
[SourceQuality "1"]

1. d4 d5 2. c4 e6 3. Nf3 c6 4. Nc3 dxc4 5. e4 b5 6. Be2 Nf6 7. Bg5 h6 8. Bxf6 Qxf6 9. 0-0 Bb4 10. e5 Qd8 11. Ne4 0-0 12. Qc1 Nd7 13. b3 cxb3 14. Qxc6 Rb8 15. axb3 Bb7 16. Qc2 Qb6 17. Rfc1 a5 18. Qd3 Rfd8 19. Qe3 Nf8 20. Nc5 Ng6 21. Nxb7 Rxb7 22. Rc2 Ne7 23. Qe4 Rbd7 24. g4 Qb7 25. Qd3 Ng6 26. Qxb5 Qe4 27. Qc6 Qxg4+ 28. Kh1 Ne7 29. Qc4 Qe4 30. Rd1 Nf5 31. d5 exd5 32. Qd3 Qf4 33. Rg1 Re7 34. h3 h5 35. Rc4 d4 36. Rc6 Rde8 37. Rg2 Bc3 38. Rg1 g6 39. Rg2 Kg7 40. Qa6 Re6 41. Rxe6 Rxe6 42. Qb7 Nh4 43. Nxh4 Qxh4 44. Bc4 Re7 45. Qf3 Bd2 46. Qf5 Qf4 47. Qd3 Rxe5 48. Rg1 Qxf2 49. Rf1 Re1 50. Rxe1 Qxe1+ 51. Kg2 Be3 52. Kf3 Qh1+ 53. Kg3 h4+ 54. Kxh4 Qe1+ 55. Kg4 f5+ 0-1

[Event "Vojvodina-chT"]
[Site "Pancevo"]
[Date "2007.09.28"]
[Round "7"]
[White "Kostic, Branimir"]
[Black "Vajdic, Nikola"]
[Result "1/2-1/2"]
[WhiteElo "2298"]
[BlackElo "2260"]
[PlyCount "53"]
[EventDate "2007.09.24"]
[EventType "team-tourn"]
[EventRounds "9"]
[EventCountry "SRB"]
[SourceTitle "EXT 2023"]
[Source "ChessBase"]
[SourceDate "2022.10.05"]
[SourceVersion "1"]
[SourceVersionDate "2022.10.05"]
[SourceQuality "1"]

1. d4 Nf6 2. Nf3 e6 3. c4 b6 4. g3 Ba6 5. Qa4 Be7 6. Bg2 Bb7 7. Nc3 0-0 8. 0-0 Ne4 9. Qc2 f5 10. Bd2 d6 11. Rac1 Nd7 12. d5 Nxc3 13. Bxc3 e5 14. Nd2 f4 15. Ne4 a5 16. Kh1 Bc8 17. b3 Qe8 18. Bd2 Nc5 19. Nxc5 bxc5 20. Be4 Qh5 21. gxf4 exf4 22. Rg1 Bh3 23. Bf3 Qh4 24. Bg2 Bg4 25. Bf3 Bh3 26. Bg2 Bg4 27. f3 1/2-1/2

[Event "Vojvodina-chT"]
[Site "Pancevo"]
[Date "2007.09.25"]
[Round "2"]
[White "Bokan, Danko"]
[Black "Vajdic, Nikola"]
[Result "1/2-1/2"]
[WhiteElo "2316"]
[BlackElo "2260"]
[PlyCount "47"]
[EventDate "2007.09.24"]
[EventType "team-tourn"]
[EventRounds "9"]
[EventCountry "SRB"]
[SourceTitle "EXT 2023"]
[Source "ChessBase"]
[SourceDate "2022.10.05"]
[SourceVersion "1"]
[SourceVersionDate "2022.10.05"]
[SourceQuality "1"]

1. e4 c5 2. Nf3 Nc6 3. d4 cxd4 4. Nxd4 Nf6 5. Nc3 e5 6. Ndb5 d6 7. Bg5 a6 8. Na3 b5 9. Nd5 Be7 10. Bxf6 Bxf6 11. c3 0-0 12. Nc2 Bg5 13. a3 Ne7 14. Ncb4 Bb7 15. h4 Bh6 16. Nxe7+ Qxe7 17. Nd5 Qe6 18. Bd3 Rac8 19. Bc2 Kh8 20. g4 Bf4 21. Bb3 Qg6 22. Qf3 Rfe8 23. Rd1 Rc5 24. Ke2 1/2-1/2

[Event "SRB-chT Cup 50th"]
[Site "Mataruska Banja"]
[Date "2007.05.26"]
[Round "6"]
[White "Vajdic, Nikola"]
[Black "Radivojevic, Milan Z"]
[Result "1-0"]
[WhiteElo "2260"]
[BlackElo "2115"]
[PlyCount "100"]
[EventDate "2007.05.21"]
[EventType "team-tourn"]
[EventRounds "7"]
[EventCountry "YUG"]
[SourceTitle "CBM 118 Extra"]
[Source "ChessBase"]
[SourceDate "2007.07.04"]
[SourceVersion "1"]
[SourceVersionDate "2007.07.04"]
[SourceQuality "1"]

1. d4 Nf6 2. Nf3 e6 3. g3 b6 4. Bg2 Bb7 5. 0-0 Be7 6. c4 0-0 7. Re1 c5 8. d5 exd5 9. Nh4 Ne4 10. cxd5 Bxh4 11. Bxe4 Bf6 12. Nc3 d6 13. Bg2 Nd7 14. Ne4 Be7 15. Bf4 Nf6 16. Nc3 Nh5 17. Bc1 g6 18. e4 Bf6 19. f4 Re8 20. Be3 Ba6 21. a4 Qd7 22. Bf2 Rad8 23. Bf3 Ng7 24. Bg4 Qe7 25. Qd2 g5 26. Nb5 Bc8 27. Bxc8 Rxc8 28. e5 dxe5 29. d6 Qd7 30. fxg5 Bd8 31. Nxa7 Ra8 32. Nb5 Nf5 33. Qd5 Bxg5 34. Nc7 Qxd6 35. Qxd6 Nxd6 36. Nxa8 Rxa8 37. Rxe5 Bf6 38. Re2 Nc4 39. Ra2 Rd8 40. a5 Nxa5 41. Bxc5 bxc5 42. Rxa5 Rd1+ 43. Kg2 Bd4 44. b3 Kg7 45. Rb5 Rb1 46. Kf3 f5 47. Re6 Rf1+ 48. Ke2 Rf2+ 49. Ke1 Rxh2 50. Rb7+ Kf8 1-0

[Event "Vojvodina Cup"]
[Site "Banja Junakovic"]
[Date "2007.05.01"]
[Round "5.2"]
[White "Orlov, Konstantin N"]
[Black "Vajdic, Nikola"]
[Result "1-0"]
[WhiteElo "2322"]
[BlackElo "2260"]
[PlyCount "107"]
[EventDate "2007.04.28"]
[EventType "team"]
[EventRounds "5"]
[EventCountry "YUG"]
[SourceTitle "EXT 2008"]
[Source "ChessBase"]
[SourceDate "2007.11.25"]
[SourceVersion "1"]
[SourceVersionDate "2007.11.25"]
[SourceQuality "1"]

1. d4 d5 2. c4 c6 3. Nc3 Nf6 4. Bg5 e6 5. e3 Nbd7 6. Nf3 Qa5 7. Qb3 Ne4 8. Bf4 Bb4 9. Rb1 Bd6 10. Bxd6 Nxd6 11. c5 Ne4 12. Bd3 f5 13. 0-0 0-0 14. Ne2 Rf6 15. Qc2 Rh6 16. Rfe1 Qc7 17. g3 Qd8 18. h4 Ndf6 19. Ne5 Nh5 20. Kg2 Nef6 21. Ng1 Nd7 22. Ngf3 Nhf6 23. b4 Nxe5 24. Nxe5 Ng4 25. Rh1 Qc7 26. Qb2 Rf6 27. Nf3 Rf7 28. Rhf1 Re7 29. Ne5 Nxe5 30. dxe5 a6 31. a4 Bd7 32. Qd4 g6 33. Rb2 Ra7 34. Rfb1 Rf7 35. b5 axb5 36. axb5 cxb5 37. Bxb5 Bxb5 38. Rxb5 Ra5 39. Qf4 Rxb5 40. Rxb5 Kg7 41. Rb6 Qe7 42. Rd6 h6 43. Qb4 Qe8 44. Qb6 Re7 45. Rd8 Qf7 46. Rb8 Rd7 47. Ra8 g5 48. hxg5 hxg5 49. Qa7 f4 50. Qb8 f3+ 51. Kg1 Kg6 52. Qh8 Qh7 53. Qf6+ Kh5 54. Rh8 1-0

[Event "Vojvodina-chT"]
[Site "Pancevo"]
[Date "2005.10.04"]
[Round "3"]
[White "Vajdic, Nikola"]
[Black "Terzin, Igor"]
[Result "1/2-1/2"]
[WhiteElo "2257"]
[BlackElo "2208"]
[PlyCount "162"]
[EventDate "2005.10.03"]
[EventType "team"]
[EventRounds "9"]
[EventCountry "YUG"]
[SourceTitle "CBM 108 Extra"]
[Source "ChessBase"]
[SourceDate "2005.11.04"]
[SourceVersion "1"]
[SourceVersionDate "2005.11.04"]
[SourceQuality "1"]

1. d4 d5 2. Nf3 Nf6 3. Bg5 Nbd7 4. c4 e6 5. Nc3 c6 6. e3 Qa5 7. Nd2 Bb4 8. Qc2 0-0 9. Bh4 e5 10. dxe5 Ne4 11. Ndxe4 dxe4 12. e6 Ne5 13. exf7+ Rxf7 14. Be2 Bxc3+ 15. Qxc3 Qxc3+ 16. bxc3 Be6 17. 0-0-0 Bxc4 18. Bxc4 Nxc4 19. Rd4 Ne5 20. Kd2 Ng6 21. Bg3 Re8 22. Ke2 Rfe7 23. Rb1 Kf7 24. a4 b6 25. a5 Rb7 26. c4 Nf8 27. Bd6 Re6 28. Rd2 b5 29. a6 Rd7 30. Bc5 Rc7 31. Rbd1 Re8 32. Rd4 Re6 33. Rd8 Re8 34. R8d4 Re6 35. Rd8 Re8 36. Rxe8 Kxe8 37. Rd4 Ne6 38. Rxe4 Kd7 39. Bb4 Rc8 40. cxb5 cxb5 41. f4 Rc4 42. Rxc4 bxc4 43. f5 Nc7 44. Bc5 Nxa6 45. Bxa7 Kd6 46. Bd4 g6 47. f6 Nc7 48. Kd2 Nb5 49. Bc3 Ke6 50. Bb2 Kf7 51. Be5 Ke6 52. Ke2 Kf7 53. Kf3 Ke6 54. Ke4 Kf7 55. h4 Ke6 56. g4 Kf7 57. g5 Ke6 58. Bd4 Nd6+ 59. Kf4 Nf5 60. h5 Nd6 61. hxg6 hxg6 62. e4 Nb5 63. Be5 Na7 64. Ke3 Nb5 65. Bb8 Kf7 66. Be5 Ke6 67. Bf4 Nc3 68. Bc7 Nb5 69. Ba5 Na7 70. Bc3 Nb5 71. Bb4 Kf7 72. e5 Ke6 73. Ke4 c3 74. Kd3 c2 75. Bd2 Nc7 76. Kxc2 Kxe5 77. Kd3 Ke6 78. Ke4 Kf7 79. Bf4 Ne6 80. Ke5 Nc5 81. Be3 Nd7+ 1/2-1/2

[Event "SCG-chT 48th"]
[Site "Herceg Novi"]
[Date "2005.05.20"]
[Round "6"]
[White "Vajdic, Nikola"]
[Black "Randjelovic, Boban"]
[Result "1-0"]
[WhiteElo "2242"]
[BlackElo "2270"]
[PlyCount "57"]
[EventDate "2005.05.15"]
[EventType "team"]
[EventRounds "7"]
[EventCountry "YUG"]
[SourceTitle "CBM 106 Extra"]
[Source "ChessBase"]
[SourceDate "2005.07.01"]
[SourceVersion "1"]
[SourceVersionDate "2005.07.01"]
[SourceQuality "1"]

1. d4 d5 2. Nf3 e6 3. c4 c5 4. cxd5 exd5 5. Nc3 Nc6 6. g3 Nf6 7. Bg2 Be7 8. 0-0 0-0 9. h3 Re8 10. Be3 cxd4 11. Nxd4 Bf8 12. Bg5 h6 13. Bxf6 Qxf6 14. Ndb5 Rd8 15. Nc7 d4 16. N3d5 Qg5 17. h4 Qe5 18. f4 Qf5 19. Nxa8 Rxd5 20. e4 dxe3 21. Qxd5 Qg6 22. Kh2 e2 23. Rfe1 Qc2 24. Qe4 Qxe4 25. Bxe4 Nd4 26. Rac1 Bg4 27. Rc4 Nb5 28. Bd3 Nd6 29. Rcc1 1-0